Minnesota Wild Roster 24-25 - Statistics

General Stats
  • This quiz has been taken 92 times
    5 since last reset
  • The average score is 19 of 30
Answer Stats
# Player % Correct
14 Joel Eriksson Ek
100%
97 Kirill Kaprizov
100%
17 Marcus Foligno
100%
12 Matt Boldy
100%
7 Brock Faber
80%
32 Filip Gustavsson
80%
5 Jake Middleton
80%
46 Jared Spurgeon
80%
30 Jesper Wallstedt
80%
25 Jonas Brodin
80%
29 Marc-Andre Fleury
80%
23 Marco Rossi
80%
90 Marcus Johansson
80%
36 Mats Zuccarello
80%
8 Zeev Buium
80%
15 Justin Brazeau
60%
28 Liam Ohgren
60%
38 Ryan Hartman
60%
18 Vinnie Hinostroza
60%
13 Yakov Trenin
60%
24 Zach Bogosian
60%
39 Ben Jones
40%
71 Carson Lambos
40%
41 Gustav Nyquist
40%
43 Hunter Haight
40%
4 John Merrill
40%
34 Cameron Crotty
20%
19 Devin Shore
20%
72 Travis Boyd
20%
-- Vladmir Tarasenko
20%
No matching quizzes found
Score Distribution
Percent of People with Each Score
Percentile by Number Answered
Your Score History
You have not taken this quiz since the last reset